[Event "Titled Tuesday intern op 19th Sep Early"]
[Site "Chess.com INT"]
[Date "2023.09.19"]
[Round "5"]
[White "Syaputra, Arifa Rizki"]
[Black "Andreikin, Dmitry"]
[Result "1-0"]
[WhiteElo "2239"]
[BlackElo "2729"]
[PlyCount "83"]
[EventDate "2023.09.19"]
[EventType "swiss (blitz)"]
[EventRounds "11"]
[EventCountry "USA"]
[SourceTitle "EXT 2024"]
[Source "ChessBase"]
[SourceDate "2023.10.10"]
[SourceVersion "1"]
[SourceVersionDate "2023.10.10"]
[SourceQuality "1"]

1. Nf3 b5 2. e4 Bb7 3. d3 c5 4. g3 Nc6 5. Bg2 g6 6. 0-0 Bg7 7. Nc3 a6 8. Be3 d6 9. d4 cxd4 10. Nxd4 Ne5 11. a4 bxa4 12. Rxa4 Nf6 13. h3 0-0 14. f4 Ned7 15. e5 Bxg2 16. exf6 Bxf1 17. fxg7 Kxg7 18. Qxf1 Nf6 19. Rxa6 Qd7 20. Kh2 Qb7 21. Rxa8 Rxa8 22. Qg2 Qb8 23. Nb3 Qc8 24. Bd4 Rb8 25. Nd5 Qe6 26. Nxf6 exf6 27. Bc3 Re8 28. Nd4 Qc4 29. g4 Re3 30. g5 h5 31. gxf6+ Kh7 32. f5 Qc5 33. fxg6+ fxg6 34. Nf3 Qf5 35. Ng5+ Kh6 36. Nf7+ Kh7 37. Bd2 Re8 38. Ng5+ Kh8 39. f7 Re5 40. h4 Kg7 41. Bc3 Qf4+ 42. Qg3 1-0

[Event "Titled Tuesday intern op 12th Sep Early"]
[Site "Chess.com INT"]
[Date "2023.09.12"]
[Round "1"]
[White "Syaputra, Arifa Rizki"]
[Black "Han, Yichen"]
[Result "0-1"]
[WhiteElo "2239"]
[BlackElo "2413"]
[PlyCount "186"]
[EventDate "2023.09.12"]
[EventType "swiss (blitz)"]
[EventRounds "11"]
[EventCountry "USA"]
[SourceTitle "EXT 2024"]
[Source "ChessBase"]
[SourceDate "2023.10.10"]
[SourceVersion "1"]
[SourceVersionDate "2023.10.10"]
[SourceQuality "1"]

1. Nf3 d5 2. d4 Nf6 3. c4 c6 4. Nc3 dxc4 5. a4 Bf5 6. e3 e6 7. Bxc4 Bb4 8. 0-0 0-0 9. Qe2 Ne4 10. Bd3 Bxc3 11. Bxe4 Bxb2 12. Qxb2 Bxe4 13. Nd2 Bd3 14. Rd1 Ba6 15. Ne4 Nd7 16. Bd2 Qh4 17. Nd6 Nf6 18. Be1 Rad8 19. Qa3 Nd5 20. f3 Qg5 21. Bf2 Be2 22. f4 Qe7 23. Rd2 Ba6 24. Ne4 Qc7 25. Nc5 Nf6 26. Rc1 Qa5 27. Rb2 b6 28. Be1 Qxe1+ 29. Rxe1 bxc5 30. Qxc5 Rc8 31. Qxa7 Bd3 32. Rd1 Be4 33. Rc1 Ra8 34. Qc7 Rxa4 35. Rb8 Ra8 36. Rxf8+ Rxf8 37. h3 Bd5 38. Qd6 Ne4 39. Qb4 h5 40. Ra1 h4 41. Ra7 Ng3 42. Qe7 Nf5 43. Qg5 Nxe3 44. Qxh4 Nxg2 45. Qf2 Rb8 46. Ra5 Rb1+ 47. Kh2 Rb5 48. Ra8+ Kh7 49. Rd8 Kg6 50. Rxd5 Rxd5 51. Qxg2+ Kf6 52. Qe4 g6 53. Kg3 Ke7 54. Kf3 Kf6 55. Qd3 Ke7 56. Qc4 Kd6 57. Ke4 Rf5 58. Qb4+ Kd7 59. Qb7+ Kd6 60. Qc8 Ke7 61. Qxc6 Kf6 62. Qd6 Kg7 63. Qe7 Rh5 64. h4 Rd5 65. Kd3 Rf5 66. Ke4 Rd5 67. Qb7 Rf5 68. Qa8 Rh5 69. Qd8 Rf5 70. Qc7 Rh5 71. Qe7 Rf5 72. Qb4 Rh5 73. Qe1 Rf5 74. Qa1 Rd5 75. Qb2 Kf6 76. Qg2 Kg7 77. Qh2 Rh5 78. Qg3 Rd5 79. Kd3 Rf5 80. Kc4 Rd5 81. Qf3 Rh5 82. Qf2 Rd5 83. Qg1 Rh5 84. Qg3 Rf5 85. Qf3 Rh5 86. Qxh5 gxh5 87. d5 exd5+ 88. Kxd5 Kf6 89. Ke4 Ke6 90. f5+ Kd6 91. Kd4 f6 92. Ke4 Kc5 93. Ke3 Kd5 0-1

[Event "Titled Tuesday intern op 11th Apr Early"]
[Site "Chess.com INT"]
[Date "2023.04.11"]
[Round "1"]
[White "Syaputra, Arifa Rizki"]
[Black "Ovezdurdiyeva, Jemal"]
[Result "1-0"]
[WhiteElo "2239"]
[BlackElo "2078"]
[PlyCount "63"]
[EventDate "2023.04.11"]
[EventType "swiss (blitz)"]
[EventRounds "11"]
[EventCountry "USA"]
[SourceTitle "CBM 213 Extra"]
[Source "ChessBase"]
[SourceDate "2023.05.31"]
[SourceVersion "1"]
[SourceVersionDate "2023.05.31"]
[SourceQuality "1"]

1. e4 d6 2. d4 Nf6 3. Nc3 g6 4. Bc4 c6 5. a4 Bg7 6. Qe2 0-0 7. Nf3 Nbd7 8. e5 Nd5 9. 0-0 Nxc3 10. bxc3 dxe5 11. dxe5 e6 12. Re1 Rb8 13. Bg5 Qc7 14. h4 Re8 15. h5 a6 16. a5 h6 17. hxg6 fxg6 18. Bd2 Nf8 19. Qe4 Bd7 20. Qh4 g5 21. Qh5 Re7 22. Bd3 Be8 23. Qg4 Bg6 24. Bxg6 Nxg6 25. Qe4 Nf8 26. Be3 c5 27. Ra4 Rd8 28. Rc4 Qxa5 29. Bxc5 Red7 30. Bd6 b5 31. Rc6 Ng6 32. Qxg6 1-0

[Event "Titled Tuesday intern op 11th Apr Early"]
[Site "Chess.com INT"]
[Date "2023.04.11"]
[Round "2"]
[White "Syaputra, Arifa Rizki"]
[Black "So, Wesley"]
[Result "0-1"]
[WhiteElo "2239"]
[BlackElo "2760"]
[PlyCount "122"]
[EventDate "2023.04.11"]
[EventType "swiss (blitz)"]
[EventRounds "11"]
[EventCountry "USA"]
[SourceTitle "CBM 213 Extra"]
[Source "ChessBase"]
[SourceDate "2023.05.31"]
[SourceVersion "1"]
[SourceVersionDate "2023.05.31"]
[SourceQuality "1"]

1. d4 d5 2. Nf3 e6 3. Bf4 Bd6 4. Bg3 Nf6 5. Nbd2 0-0 6. e3 c5 7. c3 b6 8. Bd3 Ba6 9. Bxa6 Nxa6 10. Bxd6 Qxd6 11. Ne5 Nc7 12. 0-0 Rad8 13. Qa4 a6 14. Qc6 Qxc6 15. Nxc6 Rd6 16. Ne5 Rc8 17. Rfc1 Kf8 18. Kf1 Rdd8 19. a4 Nce8 20. a5 b5 21. Nb3 c4 22. Nc5 Ra8 23. Ke2 Ne4 24. Nxe4 dxe4 25. f3 Nd6 26. Rf1 f6 27. Nc6 Rdc8 28. Nb4 Ke7 29. fxe4 Nxe4 30. Rf4 f5 31. Rg1 h5 32. Rf3 Kd6 33. Rgf1 g6 34. Rg1 Nf6 35. h3 Rh8 36. Rg3 Rh6 37. Rb1 Ne4 38. Rf3 g5 39. Rh1 g4 40. hxg4 fxg4 41. Rff1 Ng3+ 42. Kd2 Nxh1 43. Rxh1 Rf6 44. Ke1 Rh6 45. g3 Rf8 46. Nxa6 Rf3 47. Nc5 Rxe3+ 48. Kd2 Rf3 49. a6 Rh8 50. a7 Rf2+ 51. Ke3 Rf3+ 52. Ke4 Ra8 53. Rxh5 Rxa7 54. Rh6 Re7 55. Rg6 Rxg3 56. Kf4 Rg2 57. Ne4+ Kc6 58. Ke5 Kc7 59. Nc5 Rxb2 60. Nxe6+ Rxe6+ 61. Kd5 Rxg6 0-1

[Event "Johor op-A 7th"]
[Site "Johor"]
[Date "2022.12.28"]
[Round "5"]
[White "Syaputra, Arifa Rizki"]
[Black "Nolte, Rolando"]
[Result "1/2-1/2"]
[WhiteElo "2204"]
[BlackElo "2387"]
[PlyCount "39"]
[EventDate "2022.12.26"]
[EventType "swiss"]
[EventRounds "9"]
[EventCountry "MAS"]
[SourceTitle "CBM 212 Extra"]
[Source "ChessBase"]
[SourceDate "2023.03.31"]
[SourceVersion "1"]
[SourceVersionDate "2023.03.31"]
[SourceQuality "1"]

1. d4 d5 2. Nf3 Nf6 3. Bf4 c5 4. e3 Nc6 5. Nbd2 Nh5 6. Be5 f6 7. Bg3 g6 8. c4 Nxg3 9. hxg3 cxd4 10. exd4 e6 11. a3 Bg7 12. cxd5 exd5 13. Bb5 0-0 14. Bxc6 bxc6 15. 0-0 Qb6 16. b4 a5 17. bxa5 Rxa5 18. Re1 Ra7 19. Qc2 Bf5 20. Qc3 1/2-1/2

[Event "Johor op-A 7th"]
[Site "Johor"]
[Date "2022.12.27"]
[Round "3"]
[White "Hashim, Hasnul"]
[Black "Syaputra, Arifa Rizki"]
[Result "0-1"]
[WhiteElo "1531"]
[BlackElo "2204"]
[PlyCount "74"]
[EventDate "2022.12.26"]
[EventType "swiss"]
[EventRounds "9"]
[EventCountry "MAS"]
[SourceTitle "CBM 212 Extra"]
[Source "ChessBase"]
[SourceDate "2023.03.31"]
[SourceVersion "1"]
[SourceVersionDate "2023.03.31"]
[SourceQuality "1"]

1. e4 c5 2. Nf3 e6 3. d4 cxd4 4. Nxd4 a6 5. Bd3 Qc7 6. 0-0 Nf6 7. Kh1 Bc5 8. Nb3 Be7 9. Qe2 d6 10. c4 0-0 11. Nc3 Nbd7 12. f4 b6 13. Be3 Bb7 14. Rad1 Rfe8 15. Nd2 Bf8 16. Bb1 Rac8 17. Rc1 g6 18. b3 Bg7 19. Nf3 Qb8 20. Rfe1 Ng4 21. Bd2 f5 22. Qf1 Qa8 23. exf5 exf5 24. Nd5 Bxd5 25. cxd5 Rxc1 26. Rxe8+ Qxe8 27. Qxc1 a5 28. b4 axb4 29. Bxb4 Nc5 30. h3 Nf2+ 31. Kh2 Nfe4 32. Bxc5 bxc5 33. Qc4 Nc3 34. Bc2 Qe3 35. a4 Bh6 36. Ng5 Bxg5 37. fxg5 Ne2 0-1

[Event "Johor op-A 7th"]
[Site "Johor"]
[Date "2022.12.26"]
[Round "1"]
[White "Syaputra, Arifa Rizki"]
[Black "Mahmood Shah, Mukhriez Shah"]
[Result "1-0"]
[WhiteElo "2204"]
[BlackElo "1905"]
[PlyCount "93"]
[EventDate "2022.12.26"]
[EventType "swiss"]
[EventRounds "9"]
[EventCountry "MAS"]
[SourceTitle "CBM 212 Extra"]
[Source "ChessBase"]
[SourceDate "2023.03.31"]
[SourceVersion "1"]
[SourceVersionDate "2023.03.31"]
[SourceQuality "1"]

1. e4 c5 2. Nf3 Nc6 3. d4 cxd4 4. Nxd4 g6 5. Nc3 Bg7 6. Be3 Nf6 7. Bc4 0-0 8. Bb3 d6 9. f3 Qa5 10. Qd2 Nxd4 11. Bxd4 Be6 12. 0-0-0 b5 13. Kb1 b4 14. Nd5 Nxd5 15. Bxg7 Kxg7 16. exd5 Bd7 17. Rde1 Qd8 18. Qxb4 a5 19. Qd4+ f6 20. a3 Rb8 21. Re3 Rb7 22. Rhe1 Rf7 23. g4 Kg8 24. Bc4 f5 25. Ba6 Rb6 26. Bd3 Rb7 27. h4 fxg4 28. fxg4 Qf8 29. Re4 Qg7 30. Qxg7+ Kxg7 31. b3 h6 32. Rxe7 Bxg4 33. Rxb7 Rxb7 34. Kb2 Kf6 35. c4 g5 36. hxg5+ Kxg5 37. Kc3 h5 38. b4 axb4+ 39. axb4 h4 40. c5 dxc5 41. bxc5 h3 42. c6 Ra7 43. d6 Kh4 44. Bb5 h2 45. d7 Ra3+ 46. Kb4 Ra8 47. c7 1-0

[Event "Penang op-A 14th"]
[Site "Penang"]
[Date "2022.12.23"]
[Round "7"]
[White "Lavrov, Maxim"]
[Black "Syaputra, Arifa Rizki"]
[Result "0-1"]
[WhiteElo "2376"]
[BlackElo "2204"]
[PlyCount "62"]
[EventDate "2022.12.19"]
[EventType "swiss"]
[EventRounds "9"]
[EventCountry "MAS"]
[SourceTitle "CBM 211 Extra"]
[Source "ChessBase"]
[SourceDate "2023.01.31"]
[SourceVersion "1"]
[SourceVersionDate "2023.01.31"]
[SourceQuality "1"]

1. e4 e5 2. Nf3 Nc6 3. Bc4 Bc5 4. d3 Nf6 5. c3 0-0 6. 0-0 d5 7. exd5 Nxd5 8. Re1 Bg4 9. h3 Bh5 10. Nbd2 Bb6 11. Ne4 Re8 12. b4 a5 13. b5 Nb8 14. d4 c6 15. dxe5 Bxf3 16. Qxf3 Nd7 17. Ng5 Nxe5 18. Rxe5 Rxe5 19. Qxf7+ Kh8 20. Qxb7 Re1+ 21. Kh2 Qe7 22. Qc7 Bxc7+ 23. g3 Rf8 24. f4 Nb6 25. Bd3 cxb5 26. Bxb5 Be5 27. Rb1 Bxc3 28. Bd3 h6 29. Nf3 Re6 30. f5 Rd6 31. Ba3 Rxd3 0-1